Geosystems: (Record no. 14803)

000 -LEADER
fixed length control field 00634nam a22001817a 4500
008 - FIXED-LENGTH DATA ELEMENTS--GENERAL INFORMATION
fixed length control field 161008b xxu||||| |||| 00| 0 eng d
020 ## - INTERNATIONAL STANDARD BOOK NUMBER
International Standard Book Number 9780131248632
050 ## - LIBRARY OF CONGRESS CALL NUMBER
Classification number GB 54.5 .C47 2006
100 ## - MAIN ENTRY--PERSONAL NAME
Personal name Christopherson, Robert W.
Dates associated with a name 2006
245 ## - TITLE STATEMENT
Title Geosystems:
Remainder of title An Introduction to Physical Geography/
Statement of responsibility, etc. Robert W. Christopherson, Mary-Louise Byrne and Alec Aitken.
260 ## - PUBLICATION, DISTRIBUTION, ETC. (IMPRINT)
Place of publication, distribution, etc. Toronto:
Name of publisher, distributor, etc. Pearson,
Date of publication, distribution, etc. 2006
300 ## - PHYSICAL DESCRIPTION
Extent xv,756p.:
Other physical details ill.;
521 ## - TARGET AUDIENCE NOTE
Target audience note Includes Index.
650 ## - SUBJECT ADDED ENTRY--TOPICAL TERM
Topical term or geographic name as entry element Physical Geography-Textbooks.
700 ## - ADDED ENTRY--PERSONAL NAME
Personal name Byrne, Mary-Louise.
700 ## - ADDED ENTRY--PERSONAL NAME
Personal name Aitken, Alec.
942 ## - ADDED ENTRY ELEMENTS (KOHA)
Source of classification or shelving scheme
Koha item type Hard Covered Materials
Classification part GB 54.5 .C47 2006
Koha issues (borrowed), all copies 2
Holdings
Withdrawn status Lost status Source of classification or shelving scheme Damaged status Not for loan Home library Current library Shelving location Date acquired Source of acquisition Total Checkouts Full call number Barcode Date last seen Date last checked out Price effective from Koha item type
          MACHAKOS UNIVERSITY LIBRARY MACHAKOS UNIVERSITY LIBRARY Open shelf 08/10/2016 Donation (BFA) 2 GB 54.5 .C47 2006 22490 06/06/2019 07/12/2018 08/10/2016 Hard Covered Materials
© Machakos University Library, Along The Highway, Machakos Wote Rd, Machakos, Kenya P.O. Box 136 - 90100 Machakos - Kenya

Tel: ( +254 ) 723 805829 OR Fax : 044-20353 OR Email: library@mksu.ac.ke